Biographical dictionary of Chinese women /
Saved in:
| Other Authors: | , , , |
|---|---|
| Format: | Book |
| Language: | English |
| Published: |
Armonk, N.Y. :
M. E. Sharpe,
c1998-<c2014>
|
| Series: | University of Hong Kong Libraries publications ;
no. 10, 14, 21, 25. |
| Subjects: | |
| Tags: |
Add Tag
No Tags, Be the first to tag this record!
|
| LEADER | 02908cam a2200637 a 4500 | ||
|---|---|---|---|
| 001 | 007723962-8 | ||
| 005 | 20140422160940.0 | ||
| 008 | 980126m19989999nyu b 000 0ceng | ||
| 010 | |a 98011262 | ||
| 015 | |a GB99-02139 | ||
| 020 | |a 0765600439 (cloth : alk. paper) v. 1 [Qing Period] | ||
| 020 | |a 9780765600431 (cloth : alk. paper) v. 1 [Qing Period] | ||
| 020 | |a 0765607980 (cloth : alk. paper) v. 2 [The Twentieth Century] | ||
| 020 | |a 9780765607980 (cloth : alk. paper) v. 2 [The Twentieth Century] | ||
| 020 | |a 9780765617507 (cloth : alk. paper) v. 3 [Antiquity through Sui] | ||
| 020 | |a 0765617501 (cloth : alk. paper) v. 3 [Antiquity through Sui] | ||
| 020 | |a 9780765643148 (cloth : alk. paper) v. 4 [Tang through Ming, 6181644] | ||
| 020 | |a 0765643146 (cloth : alk. paper) v. 4 [Tang through Ming, 6181644] | ||
| 035 | 0 | |a ocm38438555 | |
| 040 | |a DLC |b eng |c DLC |d UKM |d BAKER |d NLGGC |d BTCTA |d YDXCP |d ZYU |d IAY |d BDX |d OCLCF |d DEBBG |d HMY | ||
| 043 | |a a-cc--- | ||
| 050 | 0 | 0 | |a HQ1767.5.A3 |b B56 1998 |
| 082 | 0 | 0 | |a 305.4/092/251 |2 21 |
| 084 | |a 71.33 |2 bcl | ||
| 084 | |a 15.75 |2 bcl | ||
| 245 | 0 | 0 | |a Biographical dictionary of Chinese women / |c editors-in-chief, Lily Xiao Hong Lee and A.D. Stefanowska; assisted by Sue Wiles. |
| 246 | 1 | 5 | |6 880-01 |a Zhongguo fu nü zhuan ji ci dian |
| 260 | |a Armonk, N.Y. : |b M. E. Sharpe, |c c1998-<c2014> | ||
| 300 | |a v. <[1-4]> ; |c 24 cm. | ||
| 490 | 1 | |a University of Hong Kong Libraries publications ; |v no. 10, 14, 21, 25 | |
| 500 | |a "An East Gate book." | ||
| 500 | |a "The Qing Period editor: Clara Wing-chung Ho." "The twentieth-century period editor: Lily Xiao Hong Lee." | ||
| 504 | |a Includes bibliographical references. | ||
| 505 | 0 | |a [v. 1.] The Qing Period, 1644-1911 / editor Clara Wing-chung Ho -- v. 2. The twentieth century, 1912-2000 / editor Lily Xiao Hong Lee. -- [v. 3.] Antiquity through Sui, 1600 B.C.E.-618 C.E. -- [v. 4]. Tang through Ming, 618-1644 / coordinators: Tang, Liu Ning ; Song, Guotong Li and Zheng Bijun ; Yuan, Xu Shiduan ; Ming, Lin Yanqing -- | |
| 650 | 0 | |a Women |z China |v Biography. | |
| 651 | 0 | |a China |v Biography. | |
| 650 | 1 | 7 | |a Vrouwen. |2 gtt |
| 650 | 7 | |a Women. |2 fast | |
| 651 | 7 | |a China. |2 fast | |
| 650 | 0 | 7 | |a Biographie. |2 gnd |
| 650 | 0 | 7 | |a Frau. |2 gnd |
| 650 | 0 | 7 | |a Geschichte. |2 gnd |
| 650 | 0 | 7 | |a Qingdynastie. |2 gnd |
| 651 | 7 | |a China. |2 gnd | |
| 648 | 4 | |a Geschichte 1644-1911. | |
| 655 | 7 | |a Biography. |2 fast | |
| 700 | 1 | |a Lee, Lily Xiao Hong. | |
| 700 | 1 | |a Stefanowska, A. D. | |
| 700 | 1 | |a Wiles, Sue, |d 1940- | |
| 700 | 1 | |a Ho, Clara Wing-chung, |d 1963- | |
| 776 | 0 | 8 | |i Online version: |t Biographical dictionary of Chinese women. |d Armonk, N.Y. : M. E. Sharpe, c1998-<c2007> |w (OCoLC)606921751 |
| 880 | 1 | 5 | |6 246-01 |a 中國婦女傳記詞典 |
| 830 | 0 | |a University of Hong Kong Libraries publications ; |v no. 10, 14, 21, 25. | |
| 988 | |a 20020608 | ||
| 049 | |a HMYY | ||
| 906 | |0 DLC | ||


